000 005970000a22001810004500
003 MACL
005 20160209134920.0
008 160209b xxu||||| |||| 00| 0 eng d
040 _aMACL
_cMACL
041 _aHindi
082 _a100
100 _aशेखावत डॉ. महेन्‍द्र
_937460
245 _aआघुनिक चिन्‍तन में वेदान्‍त
260 _bमघ्‍यप्रदेश हिन्‍दी ग्रन्‍थ
_c1971
_aभोपाल
350 _a8
650 _aPhilosophy
_937461
942 _cHIN
_k100
_2ddc
999 _c26010
_d26010